Statistics for Квиз о Ватикану

Click here to take the quiz!

General Stats

  • This quiz has been taken 172 times
  • The average score is 10 of 18

Answer Stats

ОписОдговор% Correct
Град који окружује ВатиканРим
97%
Језик који се користи у званичној комуникацијиИталијански
96%
Ватикан је једина држава на свету, где банкомати имају овај
језик понуђен као опцију
Латински
83%
Ватикан је ____ држава на свету, површине 0.49 квадратних километараНајмања
81%
Постоји мишљење да Ватикан има највећу конзумацију овог пића по глави становника у светуВина
68%
Гарда која чува Папу{Швајцарска} гарда
66%
Особа која је осликала Сикстинску капелуМикеланђело
65%
Највећа црква на светуБазилика {Светог Петра}
63%
Тренутни ПапаФрања
61%
Предмети који се налазе на заставиПапска {Тијара}
56%
Име државе којом су управљале папе пре Латеранског споразума 1929.{Папска} држава
55%
Термин за објекте под јурисдикцијом папе, укључује Ватикан али и друге црквене поседеСвета {столица}
51%
Река поред које се налази ВатиканТибар
49%
Само 5% становништва Ватикана чине ____, мање него у иједној другој државиЖене
49%
Италијански премијер који је потписао споразумБенито Мусолини
34%
Предмети који се налазе на заставиКључеви
28%
Људи који бирају ПапуКолегијум {Кардинал}а
19%
Папска резиденција{Апостолска} Палата
6%

Score Distribution

Percentile by Number Answered

Percent of People with Each Score

Your Score History

You have not taken this quiz